00536 2200169 4500245014400000020002200144250001000166100002300176700001700199650002200216005001900238260004800257041001400305084001100319300002700330336000900357 aTuhan, Aku Ingin Tetap Hidupb : Spinal Cord Injury Melumpuhkan Kakiku, tetapi Kedamaian Membuatku Tetap BerdiricReinhard DamapoliihText a978-623-04-1301-8 aCet.1 aReinhard Damapolii aBambang Trim aPengembangan Diri a20241017094315 aJakartabPenerbit Bhuana Ilmu Populerc2023 aIndonesia a155.25 aviii, 163 hlm :c19 cm atext